000
00244nam a2200109Ia 4500
008
220204s9999 xx 000 0 und d
082
_a
82-3
_b
JAS
100
_a
Jason, Stuart
245
0
_a
Black lust
260
_a
London
_b
Nel
_c
1979
942
_c
BK
999
_c
35819
_d
35819